00655 2200229 4500001002100000005001500021035002000036007000300056008004100059020002200100082000800122084001400130100001300144245005500157260006100212300004600273650003000319700001300349700001400362700001900376856003000395INLIS00000000000021220231030030540 a0010-1023000148ta231030 g 0 ind  a978-623-7074-62-5 a636 a636 HER i0 aHermanto1 aIntegrasi Kakao- Kambing Kakao Kambing /cHermanto aJakarta :bBiro Perencanaan Kementerian Pertanian,c2019 axii.; 128 hlm :billus, ;c15,5 cm x 23cm 4aIntegrasi, kakao, kambing0 aNovianti0 aKhairunas0 aVinna Fitriana aperpustakaan bpsip sumbar